[Event "Mecklenburg VP LL2 West 1819"]
[Site "Mecklenburg VP"]
[Date "2019.03.24"]
[Round "8.5"]
[White "Wurst, Oliver"]
[Black "Schult, Tobias"]
[Result "0-1"]
[WhiteElo "1631"]
[BlackElo "1805"]
[PlyCount "68"]
[EventDate "2018.10.21"]
[EventType "team-tourn"]
[EventRounds "9"]
[EventCountry "GER"]
[SourceTitle "EXT 2022"]
[Source "ChessBase"]
[SourceDate "2021.10.06"]
[SourceVersion "1"]
[SourceVersionDate "2021.10.06"]
[SourceQuality "1"]
[WhiteTeam "Rostock SSC 07 II"]
[BlackTeam "Parchim SV Blau-Weiss 69"]
[WhiteTeamCountry "GER"]
[BlackTeamCountry "GER"]

1. d4 Nf6 2. c4 e6 3. Nc3 b6 4. e4 d6 5. Nf3 Bb7 6. Qc2 Be7 7. Bd3 h6 8. 0-0 Nc6 9. a3 e5 10. d5 Nb8 11. b4 Nbd7 12. Bb2 0-0 13. Ne2 c5 14. b5 Nh7 15. h3 Ng5 16. Nh2 a6 17. a4 axb5 18. axb5 Qc7 19. Ng3 g6 20. h4 Nh7 21. h5 Rxa1 22. Bxa1 Ra8 23. hxg6 fxg6 24. Bc3 Bc8 25. f4 Ra3 26. Bb2 Ra2 27. Qb3 Qa7 28. Bb1 Ra4 29. f5 g5 30. Ng4 Ndf6 31. Nxf6+ Nxf6 32. Bc2 Rb4 33. Qc3 Qa2 34. Ba3 Rxc4 0-1

[Event "Mecklenburg VP LL2 West 1213"]
[Site "Mecklenburg VP"]
[Date "2013.01.13"]
[Round "5.4"]
[White "Schult, Tobias"]
[Black "Hopp, Peter"]
[Result "1/2-1/2"]
[WhiteElo "1623"]
[BlackElo "1625"]
[PlyCount "81"]
[EventDate "2012.10.14"]
[EventType "team-tourn"]
[EventRounds "9"]
[EventCountry "GER"]
[SourceTitle "EXT 2022"]
[Source "ChessBase"]
[SourceDate "2021.10.06"]
[SourceVersion "1"]
[SourceVersionDate "2021.10.06"]
[SourceQuality "1"]
[WhiteTeam "Parchim SV Blau-Weiss 69"]
[BlackTeam "Mecklenburger Springer SC"]
[WhiteTeamCountry "GER"]
[BlackTeamCountry "GER"]

1. e4 d5 2. exd5 Qxd5 3. Nf3 Nf6 4. d4 Bf5 5. Nc3 Qa5 6. Bd2 c6 7. Be2 e6 8. 0-0 Nbd7 9. a3 Qc7 10. h3 Bd6 11. Be3 h6 12. Bd3 Bxd3 13. Qxd3 g5 14. Ne4 g4 15. Nxd6+ Qxd6 16. hxg4 Nxg4 17. Qd2 Ndf6 18. Bf4 Qd5 19. Qb4 0-0-0 20. c4 Qf5 21. Bg3 Ne4 22. Bh4 Rd7 23. Rad1 Rg8 24. d5 exd5 25. cxd5 Rxd5 26. Rxd5 Qxd5 27. Qd4 Qxd4 28. Nxd4 Nd6 29. Re1 Re8 30. Rxe8+ Nxe8 31. Nf5 h5 32. f3 Ngf6 33. Nh6 Kd7 34. Nxf7 Ke7 35. Ne5 Ke6 36. Nd3 Kd5 37. Kf2 Kd4 38. Ke2 Nd5 39. Bf2+ Kc4 40. Bxa7 Kb3 41. Nc5+ 1/2-1/2

[Event "Mecklenburg VP LL2 West 1213"]
[Site "Mecklenburg VP"]
[Date "2012.11.25"]
[Round "3.3"]
[White "Wiemer, Juergen"]
[Black "Schult, Tobias"]
[Result "1-0"]
[WhiteElo "1918"]
[BlackElo "1640"]
[PlyCount "67"]
[EventDate "2012.10.14"]
[EventType "team-tourn"]
[EventRounds "9"]
[EventCountry "GER"]
[SourceTitle "EXT 2022"]
[Source "ChessBase"]
[SourceDate "2021.10.06"]
[SourceVersion "1"]
[SourceVersionDate "2021.10.06"]
[SourceQuality "1"]
[WhiteTeam "Ludwigslust Post SV"]
[BlackTeam "Parchim SV Blau-Weiss 69"]
[WhiteTeamCountry "GER"]
[BlackTeamCountry "GER"]

1. e4 c5 2. c3 d6 3. d4 cxd4 4. cxd4 e6 5. Nc3 Be7 6. Be3 a6 7. Rc1 b5 8. a3 Bb7 9. Bd3 Nc6 10. Nge2 Nf6 11. h3 0-0 12. b4 Rc8 13. 0-0 Nd7 14. f4 h6 15. Bb1 e5 16. Nd5 Nb6 17. Nxb6 Qxb6 18. Bf2 Qd8 19. fxe5 Bg5 20. Rc2 dxe5 21. d5 Ne7 22. Rc5 Qd6 23. Ng3 Bh4 24. Qg4 Bxg3 25. Qxg3 Ng6 26. Be3 Kh7 27. Rfc1 Qf6 28. Rc7 Nf4 29. Qf2 Rxc7 30. Rxc7 Ba8 31. Bxf4 Qxf4 32. Qxf4 exf4 33. d6 Rd8 34. d7 1-0

[Event "Mecklenburg VP LL2 West 1011"]
[Site "Mecklenburg VP"]
[Date "2010.10.24"]
[Round "2.5"]
[White "Schult, Tobias"]
[Black "Klein, Michael"]
[Result "1/2-1/2"]
[WhiteElo "1639"]
[BlackElo "1618"]
[PlyCount "108"]
[EventDate "2010.10.10"]
[EventType "team-tourn"]
[EventRounds "9"]
[EventCountry "GER"]
[SourceTitle "EXT 2022"]
[Source "ChessBase"]
[SourceDate "2021.10.06"]
[SourceVersion "1"]
[SourceVersionDate "2021.10.06"]
[SourceQuality "1"]
[WhiteTeam "Parchim SV Blau-Weiss 69"]
[BlackTeam "Ludwigslust Post SV II"]
[WhiteTeamCountry "GER"]
[BlackTeamCountry "GER"]

1. e4 e6 2. d4 d5 3. exd5 exd5 4. Bd3 Nf6 5. Bf4 Bd6 6. Bxd6 Qxd6 7. Nf3 0-0 8. 0-0 Bg4 9. Nbd2 Nbd7 10. c3 Rae8 11. Qc2 Bxf3 12. Nxf3 Ne4 13. Rfe1 f5 14. c4 c6 15. cxd5 cxd5 16. Rac1 Nb6 17. Qc7 Rf7 18. Qxd6 Nxd6 19. Rxe8+ Nxe8 20. Ne5 Rf6 21. h3 g6 22. b3 Re6 23. a4 Re7 24. Rc5 Rc7 25. Bb5 Re7 26. a5 Na8 27. Rxd5 Nac7 28. Rd7 Rxe5 29. Bc4+ Re6 30. Re7 Kf8 31. Rxe6 Nxe6 32. Bxe6 Ke7 33. Bc4 Kf6 34. Kf1 Kg5 35. g3 f4 36. Ke2 Kf5 37. Kf3 fxg3 38. fxg3 b6 39. axb6 axb6 40. h4 Nd6 41. g4+ Kf6 42. Kf4 h5 43. gxh5 gxh5 44. Bd3 Nb7 45. Ke4 Ke6 46. Bc4+ Kf6 47. d5 Nd6+ 48. Kf4 Nf5 49. Be2 Nxh4 50. Bxh5 Nf5 51. Be8 Nd4 52. b4 Nc2 53. b5 Ke7 54. Bc6 Kd6 1/2-1/2

[Event "Mecklenburg VP LL2 West 0910"]
[Site "Mecklenburg VP"]
[Date "2010.02.28"]
[Round "7.4"]
[White "Oelke, Bernd"]
[Black "Schult, Tobias"]
[Result "1/2-1/2"]
[WhiteElo "1849"]
[BlackElo "1871"]
[PlyCount "50"]
[EventDate "2009.10.18"]
[EventType "team-tourn"]
[EventRounds "9"]
[EventCountry "GER"]
[SourceTitle "EXT 2016"]
[Source "ChessBase"]
[SourceDate "2015.10.08"]
[SourceVersion "1"]
[SourceVersionDate "2015.10.08"]
[SourceQuality "1"]
[WhiteTeam "Putlitz"]
[BlackTeam "Parchim SV Blau-Weiss 69"]
[WhiteTeamCountry "GER"]
[BlackTeamCountry "GER"]

1. e4 c5 2. b3 d6 3. Bb2 Nc6 4. Nf3 e5 5. Bb5 Bd7 6. 0-0 Nf6 7. d3 Be7 8. Nc3 0-0 9. h3 a6 10. Bxc6 Bxc6 11. Nh2 Nd7 12. f4 exf4 13. Rxf4 Bg5 14. Rf1 Bf6 15. Qe2 b5 16. Nd1 Bxb2 17. Nxb2 Qe7 18. Qd2 d5 19. exd5 Bxd5 20. Rae1 Qd6 21. Qf4 Qc6 22. Nf3 Rae8 23. Nd1 Bxf3 24. Rxe8 Rxe8 25. Rxf3 Qf6 1/2-1/2

[Event "Mecklenburg VP LL2 0607"]
[Site "Mecklenburg VP"]
[Date "2006.10.29"]
[Round "2.6"]
[White "Motullo, Jens"]
[Black "Schult, Tobias"]
[Result "0-1"]
[WhiteElo "1573"]
[BlackElo "1571"]
[PlyCount "30"]
[EventDate "2006.10.15"]
[EventType "team"]
[EventRounds "9"]
[EventCountry "GER"]
[SourceTitle "EXT 2009"]
[Source "ChessBase"]
[SourceDate "2008.11.26"]
[SourceVersion "1"]
[SourceVersionDate "2008.11.26"]
[SourceQuality "1"]
[WhiteTeam "Schwerin II"]
[BlackTeam "Parchim SV Blau-Weiss 69"]
[WhiteTeamCountry "GER"]
[BlackTeamCountry "GER"]

1. e4 c5 2. Nf3 d6 3. Bb5+ Bd7 4. a4 Nc6 5. 0-0 a6 6. Bc4 Nf6 7. d3 e6 8. Bg5 Be7 9. Nbd2 0-0 10. c3 Nh5 11. Bxe7 Qxe7 12. d4 Nf4 13. Re1 cxd4 14. Nxd4 Qg5 15. Bf1 Nh3+ 0-1